Vestnik statistiki Organ Gosudarstvennogo komiteta SSSR po statistike

Guardado en:
Detalles Bibliográficos
Formato: Seriadas
Lenguaje:ruso
Publicado: Moskva Finansy i statistika 1989
Etiquetas: Agregar Etiqueta
Sin Etiquetas, Sea el primero en etiquetar este registro!

MARC

LEADER 00000nas2a2200000 4500
001 s034009
005 20250730114144.7
041 0 |a rus 
044 |a RU 
245 1 0 |a Vestnik statistiki  |b Organ Gosudarstvennogo komiteta SSSR po statistike 
264 1 |a Moskva  |b Finansy i statistika  |c 1989 
300 |a 1 zv. 
773 0 |w eu_un_cat*s120886